00423nam a22001577a 4500003000400000005001700004008004100021020001800062040000800080050001600088100001500104245004200119250003000161260005400191300002000245OSt20240618115634.0240618b xxu||||| |||| 00| 0 eng d a9781534482425 cN/A aPZ7b.B6265 aJudy Blume aAre you there God? It's me, Margaret. aTwentieth anniversary ed. aNew York bAtheneum Books for Young Readersc2014 a149 p. c 22 cm